| 000 | 03894cpc a22006734a 4500 | ||
|---|---|---|---|
| 003 | PE-LiUPU | ||
| 005 | 20250731183444.0 | ||
| 008 | 150514s2011 nyua r 00 0 eng d | ||
| 020 | _a9781568988719 | ||
| 035 | _a(Sirsi) i9781568988719 | ||
| 035 | _a(Sirsi) i9781568988719 | ||
| 040 |
_aPE-LiUPU _bspa _cPE-LiUPU _erda |
||
| 049 | _aPRUA | ||
| 082 | 0 | 4 |
_a700.92 _bA33 _222 |
| 100 | 1 |
_aAitken, Doug, _d1968- , _eautor. |
|
| 245 | 1 | 0 |
_a[Sleepwalkers box] / _cDoug Aitken. |
| 246 | 1 |
_iTítulo de la portada del libro : _aSleepwalkers : fragments, markings and images from the making of Sleepwalkers. |
|
| 246 | 1 |
_iTítulo en la parte superior de la caja : _aSleepwalkers. |
|
| 246 | 1 |
_iTítulo en el lado de la caja : _aSleep walkers. |
|
| 250 | _aFirst edition. | ||
| 264 | 1 |
_aNew York : _bPrinceton Architectural Press, _c2011. |
|
| 300 |
_a1 caja ; _c32 cm |
||
| 300 |
_a1 volumen (91 páginas) : _bilustraciones ; _c30 cm |
||
| 300 |
_a1 disco de vinilo ; _c30 cm |
||
| 300 |
_a1 CD de grabación sonora ; _c12 cm |
||
| 300 |
_a1 DVD de grabación de vídeo ; _c12 cm |
||
| 300 |
_a1 poster ; _c91 cm |
||
| 300 |
_a2 libros animados (sin paginación) ; _c11 cm |
||
| 336 |
_atext _2rdacontent |
||
| 337 |
_aunmediated _2rdamedia |
||
| 338 |
_avolume _2rdacarrier |
||
| 500 | _aEl material consta de 8 piezas. | ||
| 508 | _aMúsica supervisada por Jonathan Galkin. | ||
| 520 | _aThe box contains a double-sided poster of vivid Sleepwalkers imagery, a 12 inch vinyl picture disc containing unreleased tracks by Broadcast and a live recording of Doug Aitken's original opera The Handle Comes Up, the Hammer Comes Down, a 96 page visual diary of the making of the film including sketches, production photos, film stills, script fragments, and inspirational found images, two flipbooks with four motion sequences excerpted from the film and its projection on the museum's facade, a gatefold case containing an audio CD soundtrack that features the tracks on the picture disc plus tracks by Bibio, Ranphorynchus, Steve Roden, Tim Hecker, and Canyon Country, a DVD including an edit of Sleepwalkers cut specifically for this box set and a street level walkthrough as installed at the MoMA in NYC. | ||
| 526 | _aP158 | ||
| 526 | _aP146 | ||
| 526 | _aP17 | ||
| 526 | _aP12 | ||
| 526 | _aP06 | ||
| 600 | 1 | 0 |
_aAitken, Doug, _d1968- |
| 650 | 0 |
_aInstalaciones (Arte) _zNew York (Estado) _zNew York. |
|
| 700 | 1 | _aGalkin, Jonathan. | |
| 700 | 1 | 2 |
_aAitken, Doug, _d1968- _tHandle comes up, the hammer comes down. |
| 710 | 2 | _aMuseum of Modern Art (New York, N.Y.) | |
| 710 | 2 | _aBroadcast (Musical group) | |
| 856 | 4 | 2 |
_ahttp://www.sleepwalkersbox.com/# _zAdditional description available from publisher's website |
| 856 | 4 | 2 |
_ahttp://www.sleepwalkersbox.com/# _zAdditional description available from publisher's website |
| 856 | 4 | 2 |
_ahttp://www.sleepwalkersbox.com/# _zAdditional description available from publisher's website |
| 856 | 4 | 2 |
_ahttp://www.sleepwalkersbox.com/# _zAdditional description available from publisher's website |
| 856 | 4 | 2 |
_ahttp://www.sleepwalkersbox.com/# _zAdditional description available from publisher's website |
| 856 | 4 | 2 |
_ahttp://www.sleepwalkersbox.com/# _zAdditional description available from publisher's website |
| 856 | 4 | 2 |
_ahttp://www.sleepwalkersbox.com/# _zAdditional description available from publisher's website |
| 856 | 4 | 2 |
_ahttp://www.sleepwalkersbox.com/# _zAdditional description available from publisher's website |
| 910 | _acce | ||
| 942 |
_2ddc _cBK |
||
| 949 |
_a700.92 A33 _wDEWEY _c1 _i71056 _d2015-6-23 _e2015-6-23 _j8 _lRC _mBUL _p348.40 _r1 _sY _tMODULOS _u2015-5-14 _xINGENIERIA _0COMPRA _o.CIRCNOTE. No olvidar cambiar la fecha de devolución!!!!!!! _o.STAFF. Colección General |
||
| 980 |
_81 _gALBERTO SANCHEZ Responsable de Automatización |
||
| 999 |
_c57086 _d57086 |
||